Normal view
MARC view
Entry Personal Name
001 - CONTROL NUMBER
- control field: 51099
003 - CONTROL NUMBER IDENTIFIER
- control field: ARRUPE
005 - DATE AND TIME OF LATEST TRANSACTION
- control field: 20220401083432.0
008 - FIXED-LENGTH DATA ELEMENTS
- fixed length control field: 220401|| aca||aabn | a|a d
040 ## - CATALOGING SOURCE
- Original cataloging agency: ARRUPE
- Transcribing agency: ARRUPE
100 ## - HEADING--PERSONAL NAME
- Personal name: Dunleavy, Patrick
670 ## - SOURCE DATA FOUND
- Source citation: Work cat.: (ARRUPE)131185: Dunleavy, Patrick., Authoring a PhD :, 2003.